Fao Statistical Yearbook = Annuaire statistique de la FAO
Guardat en:
| Autor corporatiu: | |
|---|---|
| Format: | Llibre |
| Idioma: | Undetermined |
| Publicat: |
Rome
FAO
2005
|
| Matèries: | |
| Etiquetes: |
Afegir etiqueta
Sense etiquetes, Sigues el primer a etiquetar aquest registre!
|
| Thư viện lưu trữ: | Trung tâm Học liệu Trường Đại học Cần Thơ |
|---|
| LEADER | 00648nam a2200205Ia 4500 | ||
|---|---|---|---|
| 001 | CTU_172152 | ||
| 008 | 210402s9999 xx 000 0 und d | ||
| 082 | |a 338.1021 | ||
| 082 | |b F686 | ||
| 110 | |a Food and Agriculture Organization of the United Nations | ||
| 245 | 0 | |a Fao Statistical Yearbook = | |
| 245 | 0 | |b Annuaire statistique de la FAO | |
| 245 | 0 | |c Food and Agriculture Organization of the United Nations | |
| 260 | |a Rome | ||
| 260 | |b FAO | ||
| 260 | |c 2005 | ||
| 650 | |a Agriculture,Nông nghiệp | ||
| 650 | |x Statistics,Thống kê | ||
| 904 | |i Hồng Cẩm | ||
| 980 | |a Trung tâm Học liệu Trường Đại học Cần Thơ | ||